000
00302nam a22001337a 4500
008
170526b xxu||||| |||| 00| 0 eng d
020
_a
9780073523620
041
_a
eng
080
_2
7 ED
_a
621
100
_a
25
101
_a
IM
245
_a
HUMAN MOTOR DEVELOPMENT
_c
PAYNE.V.G
942
_2
udc
_c
BK
999
_c
14441
_d
14441